| 000 | 01156nam a22003137a 4500 | ||
|---|---|---|---|
| 003 | CHAP | ||
| 005 | 20220329135417.0 | ||
| 008 | 971013s1981 r 00010 d | ||
| 010 | _a36001 | ||
| 011 | _a36973 | ||
| 035 | _a41092 | ||
| 040 | _cCHAP | ||
| 082 |
_a621.38 _bM4 |
||
| 110 |
_aMéxico. Coordinación General de los Servicios Nacionales de Estadística, Geografía e Informática _976893 |
||
| 245 | _aManual de estadísticas básicas del sector comunicaciones y transportes | ||
| 260 |
_aMéxico, D.F. : _bLa Coordinación, _c1981 |
||
| 300 | _a743 p | ||
| 590 |
_aBATCH-UPD _b10 _c20130110 _lUCH01 _h1853 |
||
| 590 |
_aBATCH-UPD _b10 _c20130410 _lUCH01 _h1222 |
||
| 590 |
_aBATCH-UPD _b10 _c20130914 _lUCH01 _h1029 |
||
| 590 |
_aCONVERSION _b10 _c20130109 _lUCH01 _h1320 |
||
| 650 | 1 | 4 |
_aComunicaciones _xEstadísticas _xMéxico. _926159 |
| 650 | 1 | 4 |
_aTransportes _xEstadísticas _xMéxico. _9114653 |
| 901 | _aBK | ||
| 942 | _cLIBRO | ||
| 949 |
_a621.38 M4 _bBC _cC _d33724000498358 _eC _fc.2 _h61470 _i41092 _si |
||
| 949 |
_a621.38 M4 _bBC _cC _d33724000498366 _eC _fc.3 _h61736 _i41092 _si |
||
| 949 |
_a621.38 M4 _bBC _cC _d33724000498374 _eC _h57319 _i41092 _si |
||
| 999 |
_c36001 _d36001 |
||